[Event "Rilton Cup"]
[Site "?"]
[Date "2001.12.30"]
[Round "4"]
[White "Furhoff, Johan"]
[Black "Khenkin, Igor"]
[Result "0-1"]
[WhiteElo "2325"]
[BlackElo "2572"]
[PlyCount "100"]

1. e4 c6 2. d4 d5 3. Nd2 dxe4 4. Nxe4 Bf5 5. Ng3 Bg6 6. h4 h6 7. Nf3 Nd7 8. h5
Bh7 9. Bd3 Bxd3 10. Qxd3 e6 11. Bf4 Bb4+ 12. Bd2 Bxd2+ 13. Qxd2 Ngf6 14. O-O-O
Qc7 15. Qe2 O-O 16. Ne4 Rfd8 17. Nxf6+ Nxf6 18. Ne5 c5 19. dxc5 Qxc5 20. f4 Rd4
21. Rxd4 Qxd4 22. Qf3 Rd8 23. Nd3 Rd5 24. g4 Qc4 25. Kb1 Rb5 26. Ne5 Qb4 27.
Nd3 Qd4 28. Ka1 Ne4 29. Qd1 Nc5 30. Qc1 Nxd3 31. cxd3 Qxd3 32. Rd1 Rc5 33. Qb1
Qxb1+ 34. Kxb1 Rc7 35. Rd4 Kf8 36. b4 Ke7 37. Kb2 b5 38. Kb3 Rc1 39. a4 bxa4+
40. Kxa4 Rg1 41. f5 exf5 42. gxf5 Rg5 43. Rd5 Kf6 44. Ra5 Rxh5 45. Rxa7 Rh1 46.
Ka5 h5 47. b5 h4 48. b6 h3 49. b7 Ra1+ 50. Kb5 Rb1+ 0-1

[Event "Rilton Cup"]
[Site "?"]
[Date "2001.12.30"]
[Round "4"]
[White "Rat, Dan"]
[Black "Nyback, Tomi"]
[Result "1-0"]
[WhiteElo "2318"]
[BlackElo "2430"]
[PlyCount "103"]

1. d4 g6 2. c4 Bg7 3. Nc3 d6 4. e4 Nd7 5. Nf3 e5 6. Be2 Ne7 7. O-O O-O 8. Re1
h6 9. Bf1 f5 10. dxe5 dxe5 11. b3 Nc6 12. Ba3 Rf7 13. Rc1 f4 14. c5 Kh8 15. Qd5
Rf8 16. Red1 g5 17. h3 h5 18. h4 gxh4 19. Qe6 Nd4 20. Nxd4 20... exd4 {#} 21.
Rxd4 Rf6 22. Qh3 f3 23. Rcd1 fxg2 24. Bxg2 Rg6 25. Rxd7 Bxd7 26. Rxd7 Qg5 27.
Rd5 Qg4 28. Qxg4 hxg4 29. Rh5+ Rh6 30. Rxh6+ Bxh6 31. Nd5 Rd8 32. Bb2+ Bg7 33.
Bxg7+ Kxg7 34. Ne3 g3 35. fxg3 hxg3 36. e5 c6 37. Bh3 Rd2 38. Nf5+ Kf7 39. Nd6+
Ke7 40. Nxb7 Rxa2 41. b4 Re2 42. Na5 Kd8 43. Nxc6+ Kc7 44. Nxa7 Rxe5 45. Kg2
Kb7 46. Nb5 Kc6 47. Nd6 Re3 48. Bg4 Kd5 49. Bf3+ Ke6 50. b5 Rc3 51. Nb7 Ke5 52.
Kxg3 1-0

[Event "Rilton Cup"]
[Site "?"]
[Date "2001.12.30"]
[Round "4"]
[White "Kolbus, Dietmar"]
[Black "Borbjerggaard, Lars"]
[Result "0-1"]
[WhiteElo "2307"]
[BlackElo "2369"]
[PlyCount "102"]

1. c4 Nf6 2. Nc3 g6 3. e4 d6 4. d4 Bg7 5. Bd3 O-O 6. Nge2 c5 7. d5 e6 8. O-O
exd5 9. exd5 Nfd7 10. f4 f5 11. Bd2 Nf6 12. Qc2 Bd7 13. Rae1 Na6 14. a3 Rb8 15.
Kh1 Kh8 16. Ng1 Nc7 17. Nf3 h6 18. b4 cxb4 19. axb4 b5 20. Qb3 bxc4 21. Bxc4
Re8 22. Be3 a5 23. b5 Ne4 24. Nxe4 Rxe4 25. Nd2 a4 26. Qd3 Nxb5 27. Nxe4 fxe4
28. Qxe4 Bf5 29. Qf3 h5 30. Qf2 Qf6 31. Rb1 Bxb1 32. Rxb1 a3 33. Bxb5 Qc3 34.
Rc1 Qb2 35. Bc4 Qxf2 36. Bxf2 Rc8 37. Be3 Bb2 38. Rc2 a2 39. Bxa2 Rxc2 40. g3
Bf6 41. Bb1 Re2 42. Bg1 Re1 43. Bxg6 Bd4 44. Kg2 Rxg1+ 45. Kh3 Rd1 46. Bxh5 Rd2
47. Bf7 Bg1 48. Be6 Bxh2 49. Bd7 Kg7 50. Be6 Bg1 51. g4 Bh2 0-1

[Event "Rilton Cup"]
[Site "?"]
[Date "2001.12.30"]
[Round "4"]
[White "Volzhin, Alexander"]
[Black "Vernersson, Per"]
[Result "1-0"]
[WhiteElo "2521"]
[BlackElo "2395"]
[PlyCount "117"]

1. d4 d5 2. c4 dxc4 3. e3 Nf6 4. Bxc4 e6 5. Nf3 c5 6. O-O a6 7. Bd3 Nc6 8. Nc3
cxd4 9. exd4 Be7 10. Bg5 O-O 11. Rc1 Nb4 12. Bb1 Nbd5 13. Qd3 g6 14. Bh6 Re8
15. Ne5 Bd7 16. Qf3 Bc6 17. Nxc6 bxc6 18. Na4 Qa5 19. b3 Rac8 20. Nc5 e5 21.
dxe5 Bxc5 22. exf6 Bd4 23. Rcd1 Nc3 24. Bd2 Qe5 25. Bxc3 Bxc3 26. Rc1 Bd4 27.
Rxc6 Rxc6 28. Qxc6 Qb5 29. Qf3 Qb6 30. Bd3 Bxf6 31. Bc4 a5 32. g3 Rd8 33. Bd5
h5 34. Rc1 Kg7 35. Rc6 Qd4 36. Kg2 Rd7 37. Bc4 Rd6 38. Rc7 Rd7 39. Rxd7 Qxd7
40. h4 Bd4 41. a3 Bc5 42. Bxf7 Bxa3 43. Bc4 Bb4 44. Qa8 Qe7 45. Qg8+ Kh6 46.
Bd3 Qf6 47. f3 Bc3 48. Be4 Qg7 49. Qe8 Bb4 50. Qe6 Qb2+ 51. Kh3 Qg7 52. Bd3 Kh7
53. g4 hxg4+ 54. fxg4 Bc3 55. g5 Bd2 56. Be4 Qg8 57. Qxg8+ Kxg8 58. Bxg6 Kg7
59. Bd3 1-0

[Event "Rilton Cup"]
[Site "?"]
[Date "2001.12.31"]
[Round "5"]
[White "Borbjerggaard, Lars"]
[Black "Stern, Rene"]
[Result "1/2-1/2"]
[WhiteElo "2369"]
[BlackElo "2474"]
[PlyCount "25"]

1. d4 Nf6 2. Nf3 d5 3. Bf4 e6 4. e3 Be7 5. Bd3 b6 6. c3 Bb7 7. Nbd2 Nbd7 8. Ne5
Nxe5 9. Bxe5 O-O 10. Qf3 Nd7 11. Qh3 f5 12. Nf3 Nxe5 13. Nxe5 1/2-1/2

[Event "Rilton Cup"]
[Site "?"]
[Date "2001.12.31"]
[Round "5"]
[White "Volzhin, Alexander"]
[Black "Ivanov, Sergej"]
[Result "1/2-1/2"]
[WhiteElo "2521"]
[BlackElo "2556"]
[PlyCount "45"]

1. d4 Nf6 2. c4 e6 3. Nc3 Bb4 4. e3 O-O 5. Bd3 d5 6. Nf3 c5 7. O-O Nc6 8. a3
Bxc3 9. bxc3 dxc4 10. Bxc4 Qc7 11. Ba2 e5 12. h3 b6 13. d5 e4 14. dxc6 exf3 15.
Qxf3 Qe5 16. Bb2 Bf5 17. Qe2 Be4 18. c4 Qg5 19. f3 Bxc6 20. Rad1 Rad8 21. Bb3
h5 22. Rxd8 Rxd8 23. Rd1 1/2-1/2

[Event "Rilton Cup"]
[Site "?"]
[Date "2001.12.31"]
[Round "5"]
[White "Nataf, Igor"]
[Black "Rustemov, Alexander"]
[Result "1/2-1/2"]
[WhiteElo "2535"]
[BlackElo "2611"]
[PlyCount "36"]

1. e4 e6 2. d4 d5 3. Nc3 Bb4 4. exd5 exd5 5. Bd3 Nc6 6. a3 Bxc3+ 7. bxc3 Be6 8.
Rb1 b6 9. Ne2 Qd7 10. O-O Nge7 11. Nf4 Bf5 12. Nh5 O-O 13. h3 Kh8 14. Qf3 Bxd3
15. cxd3 Ng8 16. Re1 Nce7 17. Rb2 Ng6 18. Rbe2 Rae8 1/2-1/2

[Event "Rilton Cup"]
[Site "?"]
[Date "2001.12.31"]
[Round "5"]
[White "Wedberg, Tom"]
[Black "Bromann, Thorbjorn"]
[Result "1/2-1/2"]
[WhiteElo "2529"]
[BlackElo "2344"]
[PlyCount "38"]

1. e4 e6 2. d4 d5 3. Nc3 Nf6 4. Bg5 Bb4 5. e5 h6 6. Bd2 Bxc3 7. bxc3 Ne4 8. Qg4
g6 9. Bd3 Nxd2 10. Kxd2 c5 11. Nf3 Bd7 12. Qf4 Bc6 13. h4 Nd7 14. Rhb1 Qe7 15.
dxc5 O-O-O 16. Nd4 Qxc5 17. Bb5 g5 18. hxg5 hxg5 19. Qe3 Nb6 1/2-1/2

[Event "Rilton Cup"]
[Site "?"]
[Date "2001.12.31"]
[Round "5"]
[White "Popov, Valerij"]
[Black "Eriksson, Johan"]
[Result "1-0"]
[WhiteElo "2578"]
[BlackElo "2415"]
[Annotator "Sandbom,J"]
[PlyCount "53"]

1. Nf3 Nf6 2. c4 g6 3. Nc3 Bg7 4. e4 d6 5. d4 O-O 6. Be2 e5 7. Be3 exd4 8. Nxd4
Re8 9. f3 c6 10. Bf2 d5 11. exd5 cxd5 12. O-O Nc6 13. c5 Nh5 14. Qd2 Be5 15. g3
Bh3 16. Rfe1 Qb8 17. Bb5 Bd7 18. Bf1 Nxd4 19. Bxd4 Nf6 20. b4 20... Kg7 {#} 21.
Rxe5 Rxe5 22. f4 Re6 23. Nxd5 Qd8 24. Qc3 Bc6 25. Nxf6 Rxf6 26. b5 Bd5 27. g4
1-0

[Event "Rilton Cup"]
[Site "?"]
[Date "2001.12.31"]
[Round "5"]
[White "Lalic, Bogdan"]
[Black "Lindberg, Bengt"]
[Result "1-0"]
[WhiteElo "2522"]
[BlackElo "2341"]
[PlyCount "63"]

1. d4 Nf6 2. c4 e6 3. Nf3 b6 4. Bf4 Bb7 5. e3 Be7 6. h3 c5 7. dxc5 Bxc5 8. Nc3
Ne4 9. Nxe4 Bxe4 10. Bd3 Bb4+ 11. Ke2 Bb7 12. Qc2 h6 13. Rhd1 Nc6 14. Kf1 Be7
15. a3 Rc8 16. e4 g5 17. Bg3 h5 18. Ne5 Nb8 19. Be2 d6 20. Qa4+ Kf8 21. c5 Rxc5
22. Qxa7 Bxe4 23. Nc4 Rc6 24. b4 h4 25. Be5 f6 26. Bh2 b5 27. Na5 Rb6 28. Rac1
Nc6 29. Nxc6 Bxc6 30. f3 e5 31. Bg1 Rb7 32. Qa6 1-0

[Event "Rilton Cup"]
[Site "?"]
[Date "2001.12.31"]
[Round "5"]
[White "Rowson, Jonathan"]
[Black "Rat, Dan"]
[Result "1-0"]
[WhiteElo "2512"]
[BlackElo "2318"]
[Annotator "Sandbom,J"]
[PlyCount "89"]

1. e4 g6 2. d4 Bg7 3. c4 d6 4. Nc3 Nd7 5. Nf3 e5 6. Be2 Ne7 7. h4 h6 8. Be3 Nc6
9. d5 Ne7 10. h5 g5 11. g4 a5 12. Nd2 Nc5 13. f3 Bd7 14. b3 O-O 15. Rc1 Re8 16.
Kf2 Na6 17. Nf1 Bf8 18. Ng3 f6 19. Qd2 Kf7 20. Rhd1 Nc8 21. Rb1 b6 22. a3 Ne7
23. b4 Nb8 24. Rb2 Ng8 25. Rdb1 Kg7 26. Bd1 Kh7 27. Bc2 Kg7 28. Qd1 Kh7 29. Ba4
Qc8 30. c5 axb4 31. axb4 Bxa4 32. Nxa4 32... Qa6 {#} 33. cxb6 Qxa4 34. bxc7 Qb5
35. cxb8=Q Rexb8 36. Qe2 Ne7 37. Qxb5 Rxb5 38. Ne2 Ra3 39. Rb3 Rxb3 40. Rxb3
Kg8 41. Nc3 Rb7 42. b5 Kf7 43. Ra3 Nc8 44. Ke2 Ke8 45. b6 1-0

[Event "Rilton Cup"]
[Site "?"]
[Date "2001.12.31"]
[Round "5"]
[White "Ernst, Thomas"]
[Black "Logdahl, Harald"]
[Result "1-0"]
[WhiteElo "2436"]
[BlackElo "2259"]
[PlyCount "71"]

1. d4 f5 2. g3 Nf6 3. Bg2 g6 4. c4 Bg7 5. Nf3 O-O 6. O-O d6 7. Nc3 Nc6 8. d5
Ne5 9. Nxe5 dxe5 10. Qb3 h6 11. Rd1 g5 12. c5 Kh8 13. Bd2 a6 14. Be1 Qe8 15. d6
exd6 16. cxd6 c6 17. Na4 Nd7 18. Ba5 h5 19. Bc7 Rf6 20. Rac1 e4 21. f3 h4 22.
fxe4 hxg3 23. Qxg3 f4 24. Qxg5 Rg6 25. Qh4+ Kg8 26. Qe7 Rxg2+ 27. Kxg2 Qg6+ 28.
Kh1 Ne5 29. Rg1 Bg4 30. d7 Bf6 31. Rxg4 Nxg4 32. Qe6+ Kh8 33. Bb6 Rg8 34. Rg1
Bd8 35. Qxg6 Rxg6 36. Rxg4 1-0

[Event "Rilton Cup"]
[Site "?"]
[Date "2001.12.31"]
[Round "5"]
[White "Hillarp-Persson, Tiger"]
[Black "Eriksson, Anders"]
[Result "1-0"]
[WhiteElo "2450"]
[BlackElo "2301"]
[PlyCount "61"]

1. d4 g6 2. e4 Bg7 3. f4 d5 4. e5 h5 5. Be3 Nh6 6. h3 h4 7. Nf3 Nf5 8. Bf2 e6
9. Bd3 Bf8 10. Nbd2 Be7 11. Qe2 b6 12. O-O-O a5 13. Bxf5 gxf5 14. Rdg1 c5 15.
g4 hxg3 16. Rxg3 Ba6 17. Qe1 cxd4 18. Nxd4 Qc7 19. Qg1 Nd7 20. Rg8+ Rxg8 21.
Qxg8+ Nf8 22. Rg1 Bc5 23. Rg7 Bxd4 24. Bxd4 Bd3 25. c3 Ra7 26. h4 Be2 27. Rh7
Rb7 28. h5 Qe7 29. Rh8 f6 30. h6 fxe5 31. Bxe5 1-0

[Event "Rilton Cup"]
[Site "?"]
[Date "2001.12.31"]
[Round "5"]
[White "Hector, Jonny"]
[Black "Gleizerov, Evgenij"]
[Result "1/2-1/2"]
[WhiteElo "2528"]
[BlackElo "2575"]
[Annotator "Sandbom,J"]
[PlyCount "83"]

1. e4 e6 2. d4 d5 3. Nc3 Nf6 4. Bg5 Be7 5. e5 Nfd7 6. h4 c5 7. Bxe7 Kxe7 8.
dxc5 Nxe5 9. Qe2 Nbc6 10. O-O-O Qa5 11. f4 d4 12. fxe5 dxc3 13. Qe3 Qxa2 14.
Qg5+ Ke8 15. bxc3 Qa3+ 16. Kb1 Qxc3 17. Rh3 17... h6 {#} 18. Qd8+ Nxd8 19. Rxc3
Bd7 20. Rcd3 Bc6 21. Rd6 a6 22. Nf3 Bd5 23. c4 Bc6 24. Nd4 Ba4 25. Rd2 Nc6 26.
Nf3 Ne7 27. Rb6 Bc6 28. Nd4 Rd8 29. Kc1 Be4 30. Be2 Bxg2 31. Nf3 Rc8 32. Rxb7
Rxc5 33. Kb2 Rc8 34. Rdd7 Nc6 35. Ne1 Be4 36. Rxf7 Nxe5 37. Rbe7+ Kd8 38. Rxg7
Nxc4+ 39. Bxc4 Rxc4 40. Rxe6 a5 41. Ra7 a4 42. Rxe4 1/2-1/2

[Event "Rilton Cup"]
[Site "?"]
[Date "2001.12.31"]
[Round "5"]
[White "Olsson, Anders"]
[Black "Akesson, Ralf"]
[Result "1/2-1/2"]
[WhiteElo "2340"]
[BlackElo "2437"]
[PlyCount "98"]

1. e4 c6 2. d4 d5 3. e5 Bf5 4. Nf3 e6 5. Be2 Nd7 6. O-O Ne7 7. Nh4 Bg6 8. Nxg6
hxg6 9. Nd2 c5 10. c3 Nc6 11. Nf3 Qb6 12. Rb1 Rc8 13. b4 cxd4 14. cxd4 Na5 15.
Be3 Nc4 16. Qa4 a6 17. Rfc1 Qb5 18. Qb3 Ndb6 19. Ne1 Qd7 20. Nd3 Nxe3 21. fxe3
Nc4 22. Nc5 Bxc5 23. bxc5 Nd2 24. Qxb7 Nxb1 25. Bxa6 Qxb7 26. Bxb7 Rc7 27. Rxb1
Ke7 28. c6 Rb8 29. Rb3 f6 30. Kf2 Kd8 31. Ke2 Rf7 32. a4 Kc7 33. a5 Rh8 34. h3
fxe5 35. a6 Kb8 36. c7+ Rxc7 37. Bxd5+ Ka7 38. Rb7+ Rxb7 39. Bxb7 exd4 40. exd4
Rh5 41. Ke3 Kb6 42. Bc8 Ra5 43. Bxe6 Rxa6 44. Kf4 Kc7 45. d5 Kd6 46. Kg5 Ra3
47. g4 Rxh3 48. Kxg6 Rg3 49. Kxg7 Rxg4+ 1/2-1/2

[Event "Rilton Cup"]
[Site "?"]
[Date "2001.12.31"]
[Round "5"]
[White "Vernersson, Per"]
[Black "Livner, Anders"]
[Result "1-0"]
[WhiteElo "2395"]
[BlackElo "2205"]
[PlyCount "93"]

1. d4 Nf6 2. c4 g6 3. Nc3 Bg7 4. e4 d6 5. f3 O-O 6. Be3 Nc6 7. Nge2 a6 8. Nc1
e5 9. d5 Nd4 10. Nb3 Nxb3 11. Qxb3 Nd7 12. O-O-O f5 13. exf5 gxf5 14. Qc2 Qe7
15. Kb1 Kh8 16. Rg1 Nf6 17. Bg5 Qf7 18. Bd3 Nd7 19. Qd2 Re8 20. Bh6 Nc5 21.
Bxg7+ Qxg7 22. Bc2 a5 23. f4 Bd7 24. fxe5 Rxe5 25. Rgf1 Rae8 26. Rf3 Ne4 27.
Bxe4 fxe4 28. Re3 Rg8 29. g3 Rge8 30. Rde1 Kg8 31. a3 b6 32. Ka2 Qg6 33. Qg2
Bf5 34. h3 h5 35. g4 hxg4 36. hxg4 Bd7 37. Rh1 Kg7 38. Reh3 e3 39. Qh2 Bxg4 40.
Rh6 Qg5 41. Rh7+ Kf6 42. Rxc7 e2 43. Qh7 Bh5 44. Rxh5 Qxh5 45. Ne4+ Rxe4 46.
Qxh5 e1=Q 47. Rf7# 1-0

[Event "Rilton Cup"]
[Site "?"]
[Date "2001.12.31"]
[Round "5"]
[White "Gullaksen, Eirik"]
[Black "Ulibin, Michil"]
[Result "0-1"]
[WhiteElo "2324"]
[BlackElo "2580"]
[PlyCount "108"]

1. e4 e6 2. d3 c5 3. Nf3 Nc6 4. g3 d5 5. Qe2 b6 6. Bg2 dxe4 7. dxe4 Nb4 8. O-O
Ba6 9. c4 Qd3 10. Qxd3 Nxd3 11. Na3 Rd8 12. Rd1 Bb7 13. Ne1 Nxc1 14. Raxc1 a6
15. e5 Bxg2 16. Kxg2 Ne7 17. Nac2 Nc6 18. Rxd8+ Kxd8 19. Nd3 Kc7 20. f4 Be7 21.
Rd1 b5 22. Ne3 Rd8 23. Nf2 Nd4 24. Ne4 Kc6 25. Kf2 Rb8 26. Rc1 Kb6 27. Rc3 Rd8
28. Rd3 h6 29. h4 f6 30. exf6 gxf6 31. h5 f5 32. Nc3 Kc6 33. g4 Rg8 34. Kg3 b4
35. Ncd1 Bd6 36. Nf2 Ne2+ 37. Kf3 Nd4+ 38. Kg3 a5 39. Nh3 Ne2+ 40. Kf3 Nd4+ 41.
Kg3 fxg4 42. Nxg4 e5 43. Nhf2 exf4+ 44. Kh3 Rg5 45. Nf6 Rg1 46. N6e4 f3 47. Rd1
Rg2 48. Nd3 Bc7 49. Rf1 Re2 50. Re1 Rh2+ 51. Kg4 Rg2+ 52. Kh3 Ne2 53. Rf1 Ng1+
54. Kh4 Bd8+ 0-1

[Event "Rilton Cup"]
[Site "?"]
[Date "2001.12.31"]
[Round "5"]
[White "Yakovich, Yuri"]
[Black "Brynell, Stellan"]
[Result "1/2-1/2"]
[WhiteElo "2588"]
[BlackElo "2506"]
[PlyCount "103"]

1. d4 e6 2. c4 Nf6 3. Nc3 Bb4 4. f3 d5 5. a3 Bxc3+ 6. bxc3 c5 7. cxd5 Nxd5 8.
dxc5 Qa5 9. e4 Nf6 10. Be3 O-O 11. Kf2 Nbd7 12. Rb1 b6 13. Bb5 Nxc5 14. Ne2 a6
15. Bxc5 bxc5 16. Ba4 Qc7 17. Qd2 Bd7 18. Bxd7 Nxd7 19. Rhd1 Nb6 20. Qd6 Qxd6
21. Rxd6 Nc4 22. Rc6 Rfc8 23. Rxc8+ Rxc8 24. a4 g5 25. Rb7 Kg7 26. Nc1 Rd8 27.
Nb3 Kf6 28. Ke2 Rc8 29. Nd2 Na5 30. Ra7 Rc6 31. g3 e5 32. Nf1 Nc4 33. Nd2 Na5
34. Kd3 Rd6+ 35. Kc2 Rc6 36. Nb3 Nc4 37. Nd2 Na5 38. Kd3 Rd6+ 39. Ke3 Rc6 40.
h4 gxh4 41. gxh4 Rd6 42. Rc7 Rc6 43. Rxc6+ Nxc6 44. Nb3 c4 45. Nc5 Nb8 46. Nb7
Nd7 47. Nd6 Kg6 48. Kf2 Nb6 49. a5 Na4 50. Nxc4 f6 51. Nd6 Nxc3 52. Kg3 1/2-1/2

[Event "Rilton Cup"]
[Site "?"]
[Date "2001.12.31"]
[Round "5"]
[White "Guseinov, Gadir"]
[Black "Villavicencio, Adalberto"]
[Result "1/2-1/2"]
[WhiteElo "2489"]
[BlackElo "2308"]
[PlyCount "111"]

1. e4 c5 2. Nf3 d6 3. d4 cxd4 4. Nxd4 Nf6 5. Nc3 a6 6. Bg5 e6 7. f4 Qb6 8. Qd2
Qxb2 9. Nb3 Qa3 10. Bxf6 gxf6 11. Be2 h5 12. O-O Nd7 13. f5 Be7 14. Qd4 b5 15.
Rf3 Bb7 16. fxe6 fxe6 17. Rh3 h4 18. Bg4 Kf7 19. Nd5 Ne5 20. Bxe6+ Kxe6 21. Qc3
Qa4 22. Nd4+ Kf7 23. Nb6 b4 24. Qc7 Qa5 25. Qxb7 Rab8 26. Qd5+ Qxd5 27. Nxd5
Bd8 28. Nf5 Bb6+ 29. Nxb6 Rxb6 30. Rd1 Ke6 31. Rxh4 Rxh4 32. Nxh4 Nf7 33. Nf3
Ng5 34. Nxg5+ fxg5 35. Rd5 g4 36. Kf2 Rc6 37. Kg3 Rxc2 38. Ra5 Re2 39. Rxa6
Rxe4 40. Ra8 Kd5 41. h4 gxh3 42. gxh3 Re7 43. h4 Rc7 44. Kf4 Kc4 45. h5 d5 46.
Rd8 d4 47. h6 Kc3 48. Kg5 d3 49. Kg6 d2 50. h7 Rxh7 51. Kxh7 Kc2 52. Rc8+ Kb2
53. Rd8 Kc2 54. Rc8+ Kb2 55. Rd8 Kc2 56. Rc8+ 1/2-1/2

[Event "Rilton Cup"]
[Site "?"]
[Date "2001.12.31"]
[Round "5"]
[White "Hunt, Adam"]
[Black "Bellon, Juan"]
[Result "0-1"]
[WhiteElo "2356"]
[BlackElo "2442"]
[PlyCount "124"]

1. e4 c5 2. Nf3 e6 3. d4 cxd4 4. Nxd4 Nf6 5. Nc3 Qb6 6. Nb3 Bb4 7. Bd3 d6 8.
O-O Bxc3 9. bxc3 e5 10. Kh1 O-O 11. f4 Nbd7 12. f5 Qc6 13. Qf3 b6 14. c4 Bb7
15. Re1 Nc5 16. Nd2 Nfd7 17. g4 f6 18. Nf1 Qa4 19. h4 b5 20. cxb5 d5 21. Ng3
Rad8 22. Kh2 Kh8 23. Qe2 Nxd3 24. cxd3 Nc5 25. Rb1 dxe4 26. dxe4 Rd3 27. Be3
Rfd8 28. Bxc5 Rd2 29. Rb2 Rxe2+ 30. Rexe2 h6 31. g5 fxg5 32. hxg5 hxg5 33. Be7
Rd7 34. Bxg5 Qd1 35. Nh1 Kg8 36. Nf2 Qf1 37. Rec2 Rd1 38. Nxd1 Qxd1 39. Re2 Qd3
40. Re3 Qd1 41. Ree2 Qd3 42. Rbd2 Qf3 43. Be3 Bxe4 44. Bxa7 Qf4+ 45. Kg1 Qg4+
46. Kf2 Qxf5+ 47. Ke1 Bd3 48. Rxd3 Qxd3 49. a4 Kf7 50. Be3 Qa3 51. b6 Qxa4 52.
Kf2 Qb3 53. Rd2 Ke6 54. Rd8 Kf5 55. Kf3 Qb4 56. Rd7 Qg4+ 57. Kf2 Ke4 58. Rf7
Qe6 59. Rf3 Qa2+ 60. Kg3 Qe2 61. b7 Qxf3+ 62. Kh4 Kf5 0-1

[Event "Rilton Cup"]
[Site "?"]
[Date "2001.12.31"]
[Round "5"]
[White "Khenkin, Igor"]
[Black "Lezcano, Pedro"]
[Result "1-0"]
[WhiteElo "2572"]
[BlackElo "2407"]
[Annotator "Sandbom,J"]
[PlyCount "123"]

1. d4 Nf6 2. c4 e6 3. Nf3 Bb4+ 4. Bd2 Qe7 5. g3 Nc6 6. Nc3 d5 7. a3 Bxc3 8.
Bxc3 O-O 9. Bg2 Rd8 10. O-O a5 11. Qc2 a4 12. Ne5 Nxe5 13. dxe5 Ne4 14. Bxe4
dxe4 15. Qxe4 Rb8 16. Rfd1 Bd7 17. Bb4 Qe8 18. f3 Bc6 19. Qe3 Rxd1+ 20. Rxd1
Rd8 21. Rc1 Rd7 22. Kf2 Qd8 23. Ke1 h6 24. h4 Kh7 25. Bd2 Kg8 26. h5 Kh7 27.
Qc3 Kg8 28. Be3 Kh8 29. Qc2 Kg8 30. Kf2 f5 31. exf6 Qxf6 32. Rd1 Qf5 33. Qxf5
exf5 34. Rh1 Re7 35. Rh4 Be8 36. Rf4 Rf7 37. Bd4 Rf8 38. g4 fxg4 39. Rxg4 Rf7
40. Re4 Bd7 41. Kg3 Rf8 42. Bc3 Re8 43. Rd4 Be6 44. c5 Ra8 45. e4 b5 46. f4 Rf8
47. f5 Bc4 48. Rd2 Rf7 49. c6 b4 50. axb4 Bb5 51. Rd8+ Kh7 52. Kf4 Bxc6 53. Rb8
Re7 54. e5 Re8 55. Rxe8 Bxe8 56. Kg4 Kg8 57. e6 Bb5 58. f6 gxf6 59. Kf5 Be8 60.
Kxf6 Kf8 61. e7+ Kg8 62. Ke6 {#} 1-0

[Event "Rilton Cup"]
[Site "?"]
[Date "2002.01.02"]
[Round "6"]
[White "Rat, Dan"]
[Black "Taimanov, Mark"]
[Result "1/2-1/2"]
[WhiteElo "2318"]
[BlackElo "2439"]
[PlyCount "55"]

1. d4 Nf6 2. c4 e6 3. Nf3 b6 4. g3 Bb7 5. Bg2 Bb4+ 6. Bd2 a5 7. O-O O-O 8. Bf4
Be7 9. Nc3 Ne4 10. Nxe4 Bxe4 11. Nd2 Bxg2 12. Kxg2 d5 13. Qc2 Nc6 14. Nf3 Nb4
15. Qc3 c5 16. dxc5 bxc5 17. cxd5 Nxd5 18. Qc4 Nxf4+ 19. Qxf4 Qb8 20. Rab1 Qb5
21. Qe4 Qb4 22. Qc2 Rfd8 23. Rfd1 Bf6 24. b3 Rxd1 25. Rxd1 a4 26. Rc1 axb3 27.
axb3 Rd8 28. Qxc5 1/2-1/2

[Event "Rilton Cup"]
[Site "?"]
[Date "2002.01.02"]
[Round "6"]
[White "Rustemov, Alexander"]
[Black "Hector, Jonny"]
[Result "1/2-1/2"]
[WhiteElo "2611"]
[BlackElo "2528"]
[PlyCount "45"]

1. d4 d5 2. c4 c6 3. Nf3 Nf6 4. Nc3 dxc4 5. a4 Bf5 6. e3 e6 7. Bxc4 Bb4 8. O-O
Nbd7 9. Nh4 O-O 10. f3 Bg6 11. Nxg6 hxg6 12. e4 e5 13. Be3 Qe7 14. Kh1 Rad8 15.
dxe5 Nxe5 16. Qe2 Nh5 17. g4 Bc5 18. Bc1 Nf6 19. Bg5 Rd4 20. Ba2 Rfd8 21. Rad1
Rxd1 22. Rxd1 Rxd1+ 23. Qxd1 1/2-1/2

[Event "Rilton Cup"]
[Site "?"]
[Date "2002.01.02"]
[Round "6"]
[White "Akesson, Ralf"]
[Black "Hedman, Erik"]
[Result "1-0"]
[WhiteElo "2437"]
[BlackElo "2343"]
[PlyCount "63"]

1. c4 e6 2. Nf3 Nf6 3. d4 Bb4+ 4. Nbd2 d5 5. Qa4+ Nc6 6. a3 Be7 7. e3 O-O 8.
Qc2 a6 9. Bd3 Bd7 10. O-O h6 11. b3 Na5 12. Bb2 dxc4 13. Nxc4 Nxc4 14. Bxc4 Bc6
15. Nd2 Bd6 16. Be2 Re8 17. Nc4 Be4 18. Qd1 b5 19. Nxd6 cxd6 20. f3 Bc6 21. e4
Qe7 22. Qd2 Nd7 23. Rac1 Rac8 24. Rc2 Bb7 25. Rfc1 Nb8 26. Qa5 Rxc2 27. Rxc2
Qd8 28. Qc7 Qxc7 29. Rxc7 Bc6 30. Bc3 d5 31. Bd3 Bd7 32. Bb4 1-0

[Event "Rilton Cup"]
[Site "?"]
[Date "2002.01.02"]
[Round "6"]
[White "Agrest, Evgenij"]
[Black "Popov, Valerij"]
[Result "1-0"]
[WhiteElo "2563"]
[BlackElo "2578"]
[PlyCount "75"]

1. c4 e5 2. Nc3 Nc6 3. g3 g6 4. Bg2 Bg7 5. e4 d6 6. Nge2 f5 7. d3 Nge7 8. O-O
O-O 9. Nd5 Be6 10. Be3 Qd7 11. Qd2 Rae8 12. Rac1 b6 13. b4 Kh8 14. f3 Ng8 15.
b5 Na5 16. f4 Rf7 17. exf5 gxf5 18. Kh1 Nf6 19. Nb4 Ng4 20. Bg1 e4 21. Nc6 Nxc6
22. bxc6 Qxc6 23. dxe4 fxe4 24. Nd4 Qa8 25. h3 Nf6 26. g4 Bc8 27. Qe2 Bb7 28.
Be3 Kg8 29. f5 c5 30. Nb5 d5 31. g5 d4 32. gxf6 Bxf6 33. Nd6 dxe3 34. Nxf7 Kxf7
35. Rcd1 35... Qc8 {#} 36. Rd6 Be5 37. Qh5+ Kg8 38. f6 1-0

[Event "Rilton Cup"]
[Site "?"]
[Date "2002.01.02"]
[Round "6"]
[White "Ivanov, Sergey"]
[Black "Rowson, Jonathan"]
[Result "0-1"]
[WhiteElo "2556"]
[BlackElo "2512"]
[PlyCount "104"]

1. Nf3 Nf6 2. c4 g6 3. Nc3 d5 4. cxd5 Nxd5 5. Qa4+ Bd7 6. Qh4 Nxc3 7. dxc3 Nc6
8. Bf4 f6 9. Bh6 e5 10. Bxf8 Kxf8 11. O-O-O Kg7 12. g4 h6 13. Qg3 Qe7 14. Nh4
Rhd8 15. Bg2 Be8 16. Be4 Rxd1+ 17. Rxd1 Rd8 18. Rxd8 Qxd8 19. Qe3 Qe7 20. Bd5
Qd6 21. Qe4 b6 22. Bb3 Ne7 23. Qa8 Bd7 24. h3 a5 25. Bc2 Be6 26. a3 Bf7 27. Qe4
Qd5 28. e3 Qxe4 29. Bxe4 g5 30. Ng2 h5 31. gxh5 Be6 32. h4 g4 33. f4 f5 34. Bc2
e4 35. Kd2 Kh6 36. Ke2 Kxh5 37. Kf2 Ng6 38. Ba4 Nxh4 39. Be8+ Ng6 40. Kg3 Kh6
41. Nh4 Ne7 42. Kf2 Kg7 43. Bb5 Kf6 44. Ng2 Nc8 45. Nh4 Nd6 46. Be2 a4 47. Ng2
b5 48. Ne1 Bc4 49. Bd1 Nb7 50. Ng2 Nc5 51. Bc2 Bb3 52. Bb1 Nd3+ 0-1

[Event "Rilton Cup"]
[Site "?"]
[Date "2002.01.02"]
[Round "6"]
[White "Furhoff, Johan"]
[Black "Guseinov, Gadir"]
[Result "0-1"]
[WhiteElo "2325"]
[BlackElo "2489"]
[PlyCount "94"]

1. e4 c5 2. Nf3 Nc6 3. d4 cxd4 4. Nxd4 g6 5. c4 Bg7 6. Be3 Nf6 7. Nc3 O-O 8.
Be2 b6 9. O-O Bb7 10. f3 e6 11. Qd2 d5 12. cxd5 exd5 13. Nxc6 Bxc6 14. e5 Ne8
15. f4 f6 16. e6 f5 17. Rad1 Nc7 18. Bd4 Bxd4+ 19. Qxd4 Qd6 20. Bf3 Rad8 21.
Rfe1 Rfe8 22. Qf6 Re7 23. h4 Rde8 24. Qe5 Qc5+ 25. Qd4 Rxe6 26. Rxe6 Qxd4+ 27.
Rxd4 Nxe6 28. Bxd5 Bxd5 29. Rxd5 Nxf4 30. Rd7 a6 31. Kf2 Re6 32. Kf3 Nh5 33.
Nd5 Nf6 34. Nxf6+ Rxf6 35. Kf4 Re6 36. Kg5 b5 37. g3 a5 38. Ra7 a4 39. Rb7 a3
40. b4 Rd6 41. Rxb5 Kf7 42. Rb7+ Ke6 43. Rxh7 Rd4 44. b5 Rg4+ 45. Kh6 f4 46.
gxf4 Kf6 47. h5 47... Rh4 {#} 0-1

[Event "Rilton Cup"]
[Site "?"]
[Date "2002.01.02"]
[Round "6"]
[White "Khenkin, Igor"]
[Black "Volzhin, Alexander"]
[Result "1/2-1/2"]
[WhiteElo "2572"]
[BlackElo "2521"]
[PlyCount "81"]

1. d4 d5 2. c4 dxc4 3. Nf3 a6 4. e3 e6 5. Bxc4 c5 6. O-O Nf6 7. Bb3 Nc6 8. Qe2
cxd4 9. Rd1 Be7 10. Nc3 O-O 11. Nxd4 Qc7 12. Nxc6 Qxc6 13. e4 b5 14. Bg5 Bb7
15. Rac1 Qe8 16. a4 b4 17. e5 Nd7 18. Ne4 Bxe4 19. Bxe7 Qxe7 20. Qxe4 Nc5 21.
Qxb4 Rab8 22. Qxc5 Qxc5 23. Rxc5 Rxb3 24. Rd2 g5 25. Kf1 Rfb8 26. Rc6 Rxb2 27.
Rxb2 Rxb2 28. Rxa6 Ra2 29. a5 h5 30. g3 g4 31. Ra8+ Kg7 32. a6 Kg6 33. Kg2 Kg7
34. Kf1 Kg6 35. Kg2 Kg7 36. a7 Kh7 37. h3 Kg7 38. hxg4 hxg4 39. Kf1 Ra5 40. Kg2
Ra2 41. Kf1 1/2-1/2

[Event "Rilton Cup"]
[Site "?"]
[Date "2002.01.02"]
[Round "6"]
[White "Brynell, Stellan"]
[Black "Marin, Michail"]
[Result "1/2-1/2"]
[WhiteElo "2506"]
[BlackElo "2561"]
[PlyCount "65"]

1. e4 d6 2. d4 Nf6 3. Nc3 g6 4. Nf3 Bg7 5. Be2 O-O 6. O-O c6 7. h3 Nbd7 8. Bf4
Qa5 9. Qd2 e5 10. Be3 b5 11. dxe5 dxe5 12. Nd5 Qxd2 13. Nxf6+ Nxf6 14. Nxd2 Be6
15. a4 a6 16. f3 Rab8 17. axb5 axb5 18. Nb3 Nd7 19. Rfd1 Ra8 20. Kf2 Rxa1 21.
Rxa1 Rc8 22. Nc5 Nxc5 23. Bxc5 Bf8 24. Bxf8 Kxf8 25. h4 Ke7 26. Ke3 h6 27. g3
g5 28. Ra6 Bd7 29. hxg5 hxg5 30. Ra7 Rg8 31. c4 bxc4 32. Bxc4 Rf8 33. f4
1/2-1/2